[Event "FRA-ch U20"]
[Site "Aix les Bains"]
[Date "2009.04.20"]
[Round "3"]
[White "Attarian, Florent"]
[Black "Saint Gilles, Damien"]
[Result "1/2-1/2"]
[WhiteElo "1894"]
[BlackElo "1669"]
[PlyCount "82"]
[EventDate "2009.04.19"]
[EventType "swiss"]
[EventRounds "9"]
[EventCountry "FRA"]
[SourceTitle "CBM 130 Extra"]
[Source "ChessBase"]
[SourceDate "2009.07.02"]
[SourceVersion "2"]
[SourceVersionDate "2009.07.15"]
[SourceQuality "1"]

1. d4 Nf6 2. Nf3 e6 3. e3 b6 4. Bd3 Bb7 5. Nbd2 d5 6. Ne5 Bd6 7. f4 0-0 8. Qf3 Nbd7 9. 0-0 c5 10. c3 Qc8 11. Rf2 cxd4 12. exd4 a6 13. g4 Ne4 14. Nxe4 dxe4 15. Bxe4 Bxe4 16. Qxe4 Nxe5 17. dxe5 Be7 18. Be3 Rb8 19. Rd1 f6 20. exf6 Rxf6 21. f5 Qe8 22. fxe6 Qg6 23. Qxg6 Rxg6 24. h3 Rxe6 25. Bd4 Rd8 26. Rdf1 Rf8 27. Rxf8+ Bxf8 28. Rf3 b5 29. Re3 Rc6 30. a3 g6 31. g5 h6 32. h4 hxg5 33. hxg5 Kf7 34. Rf3+ Ke8 35. Kf2 Be7 36. Re3 Kd7 37. Rg3 Re6 38. Be3 Kc6 39. Rg4 Re5 40. a4 Rf5+ 41. Ke2 Re5 1/2-1/2

[Event "Marseille op"]
[Site "Marseille"]
[Date "2005.06.??"]
[Round "3"]
[White "Attarian, Florent"]
[Black "Michna, Christian"]
[Result "0-1"]
[WhiteElo "1199"]
[BlackElo "2242"]
[PlyCount "42"]
[EventDate "2005.06.??"]
[EventType "swiss"]
[EventRounds "9"]
[EventCountry "FRA"]
[SourceTitle "EXT 2006"]
[Source "ChessBase"]
[SourceDate "2005.11.24"]
[SourceVersion "1"]
[SourceVersionDate "2005.11.24"]
[SourceQuality "1"]

1. e4 c5 2. Nf3 Nc6 3. c3 d5 4. exd5 Qxd5 5. d4 Bg4 6. Be2 e6 7. 0-0 Nf6 8. Be3 cxd4 9. Nxd4 Bxe2 10. Qxe2 Nxd4 11. Bxd4 Be7 12. Rd1 Qc6 13. Rd3 0-0 14. Nd2 Rfd8 15. Re1 Rd5 16. Ne4 e5 17. Re3 Nd7 18. Ng3 Bf6 19. Re4 exd4 20. Re8+ Rxe8 21. Qxe8+ Nf8 0-1